00924cam a2200241 i 450000100100000000500170001000800410002702000170006804000230008508200210010810000650012924500600019426000590025430000340031350400320034750000220037965100500040165100490045191000340050004900090053495201240054399900150066700000163720240305134529.0760212s1975 nmub b 001 0 eng  a0826303919 : aDO-SdBNPcDLCdDLC a327.52085bG221j1 aGardiner, C. Harvey, q(Clinton Harvey)d1939-20009535414aThe Japanese and Peru, 1873-1973 /cC. Harvey Gardiner. aAlbuquerque :bUniversity of New Mexico Press,cc1975. axiii, 202 p. :bmap ;c24 cm. aBibliografía: p. 181-191. aIncluye índice. 4aPerúxRelaciones ExterioreszJapón.95355 4aJapónxRelaciones ExterioreszPerú95356 aCatalogación por copia / LC aBNGR 001052708MOaGRbGRcHDd2009-09-22iLF1l0o327.52085 G221jp1637-10r2020-06-25w2020-06-25y2ZPréstamo interno c1526d1526